000
00216nam a22000857a 4500
008
161207b xxu||||| |||| 00| 0 eng d
100
_9
1878
_a
Whalin. T
245
_a
Never too Busy
260
_a
America
_b
gipson standard
_c
1993
999
_c
4628
_d
4628